| 000 -ლიდერი |
| ფიქსირებული სიგრძის საკონტროლო ველი |
01696nam a2200241Ia 4500 |
| 001 - საკონტროლო ნომერი |
| საკონტროლო ველი |
18659 |
| 003 - საკონტროლო ნომრის იდენტიფიკატორი |
| საკონტროლო ველი |
GE_BSU |
| 005 - ბოლო ოპერაციის თარიღი და დრო |
| საკონტროლო ველი |
20210406140146.0 |
| 008 - ფიქსირებული სიგრძის მონაცემთა ელემენტები - ზოგადი ინფორმაცია |
| ფიქსირებული სიგრძის საკონტროლო ველი |
181216s2016||||ge |||||||||||||| ||geo|| |
| 040 ## - კატალოგიზაციის წყარო |
| Transcribing agency |
GE_BSU |
| 041 ## - ენის კოდი |
| Language code of text/sound track or separate title |
geo |
| 080 ## - უნივერსალური ათობითი კლასიფიკაციის ინდექსი |
| Universal Decimal Classification number |
33 შ-44 |
| 100 ## - მთავარი ჩანაწერი - პიროვნების სახელი |
| Personal name |
შელია, ბაჩანა |
| 9 (RLIN) |
11110 |
| 245 ## - ცნობა სათაურის შესახებ |
| Title |
საინფორმაციო ტექნოლოგიების გლობალური შესაძლებლობები საქართველოში სასტუმრო ბიზნესის ეფექტიან განვითარებაში / |
| Statement of responsibility, etc |
ბაჩანა შელია; სამეცნიერო ხელმძღვანელი პაატა ჩაგანავა; ბსუ. ეკონომიკისა და ბიზნესის ფაკულტეტი. |
| 264 ## - წარმოების, გამოცემის, დისტრიბუციის და სხვა ცნობები |
| გამოცემის, წარმოების, დისტრიბუციის... ადგილი |
ბათუმი : |
| გამოცემის, წარმოების, დისტრიბუციის... სახელწოდება |
ბათუმის შოთა რუსთაველის სახ. უნ-ტის გამ-ბა, |
| გამოცემის, წარმოების, დისტრიბუციის... თარიღი |
2016. |
| 300 ## - ფიზიკური აღწერა |
| Extent |
166გვ. ; |
| Other physical details |
30 სმ. |
| 504 ## - BIBLIOGRAPHY, ETC. NOTE |
| Bibliography, etc |
ბიბლიოგრ. გვ. 154-166 |
| 653 ## - INDEX TERM--UNCONTROLLED |
| Uncontrolled term |
დისერტაცია |
| 653 ## - INDEX TERM--UNCONTROLLED |
| Uncontrolled term |
ეკონომიკა |
| 653 ## - INDEX TERM--UNCONTROLLED |
| Uncontrolled term |
საინფორმაციო ტექნოლოგიების გლობალური შესაძლებლობები საქართველოში სასტუმრო ბიზნესის ეფექტიან განვითარებაში |
| 700 ## - ADDED ENTRY--PERSONAL NAME |
| Personal name |
ჩაგანავა, პაატა |
| Relator term |
სამეცნიერო ხელმძღვანელი |
| 9 (RLIN) |
1685 |
| 942 ## - ADDED ENTRY ELEMENTS (KOHA) |
| Koha item type |
წიგნი |
| Source of classification or shelving scheme |
|